Database security, VI : status and prospects : results of the IFIP WG 11.3 Workshop on Database Security, Vancouver, Canada, 19-21 August, 1992

Αποθηκεύτηκε σε:
Λεπτομέρειες βιβλιογραφικής εγγραφής
Συγγραφή απο Οργανισμό/Αρχή: IFIP WG 11.3 Workshop on Database Security Vancouver, B.C.
Άλλοι συγγραφείς: Thuraisingham, Bhavani M. (Επιμελητής έκδοσης), Landwehr, Carl E. (Επιμελητής έκδοσης)
Μορφή: Πρακτικό Συνεδρίου Βιβλίο
Γλώσσα:English
Δημοσίευση: Amsterdam ; New York : North-Holland, 1993.
Σειρά:IFIP transactions. Computer science and technology ; A-21 ; A
Θέματα:
Ετικέτες: Προσθήκη ετικέτας
Δεν υπάρχουν, Καταχωρήστε ετικέτα πρώτοι!

MARC

LEADER 00000cam a2200000 i 4500
001 1/34204
008 941103s1993####ne | ||| |||| ||eng||
020 |a 0444898891 
035 |l 10039579 
035 |a 1994  |c ΚΑΤΣΙΚΑΣ 
040 |a GR-MyUA  |b gre  |e AACR2 
041 0 |a eng 
082 0 |a 005.8   |2 (20) 
111 2 |a IFIP WG 11.3 Workshop on Database Security   |n (6th :   |d 1992 :   |c Vancouver, B.C.) 
245 1 0 |a Database security, VI :   |b status and prospects : results of the IFIP WG 11.3 Workshop on Database Security, Vancouver, Canada, 19-21 August, 1992 /   |c edited by Bhavani M. Thuraisingham, Carl E. Landwehr.  
246 3 3 |a Database security 6 
246 3 3 |a Database security six 
260 |a Amsterdam ;   |a New York :   |b North-Holland,   |c 1993.  
300 |a ix, 395 σ. :   |b εικ. ;   |c 23 εκ.  
490 1 |a (IFIP transactions. Computer science and technology   |v ; A-21 ; A)  
504 |a Περιέχει βιβλιογραφικές αναφορές.  
650 0 0 |a Database security  |x Congresses. 
700 1 |a Thuraisingham, Bhavani M.  |e edt 
700 1 |a Landwehr, Carl E.  |e edt 
830 0 |a IFIP transactions.   |n A,   |p Computer science and technology ;  |v  A-21 ; A 
852 |a INST  |b SAMOS  |e 19941103  |h 005.8 IFI  |p 005300004588  |q 005300004588  |t BK  |y 0 
909 |a Σ  |b 033552